000 00815nam a2200277Ia 4500
001 Para_1738
003 CHAP
008 220125s1993 xx 000 0 und d
010 _a200356
040 _cCHAP
082 _aPA 632.9 L4
100 _aLeslie, Anne R., ed.
_9165238
245 _aSuccessful implementation of integrated pest snanagement for agrocultura crope /
_c by Anne R. Leslie and Geint W. Cuperus
260 _aBoca Raton, Fla. :
_b Lewis
300 _a193 p.
650 _a2, Manejo integrado de plagas
_9165239
650 _aControl
_x plagas
_9164022
700 _aCuperus, Geint W.
_9165240
901 _aPA 632.9 L4
902 _aA
905 _a0000001993 0000000000 00
910 _a1993
942 _cPARA
942 _cPARA
_d1
999 _c200356
_d200356